000 00634nam a22002057a 4500
003 OSt
005 20240530110429.0
008 150312s2009 ua aof f 001 0 eng d
020 _a9789774163234
040 _aEG-CaGPL
_cEG-CaGPL
082 0 4 _221
_a709.32
_bCC/C A
100 1 _aCartocci , Alice
245 1 0 _aAncient Egyptian Art :
_bA Visual Encyclopedia /
_cAlice Cartocci
260 _aCairo :
_bThe American University in Cairo Press,
_cc2009.
300 _a345 p. :
_bcol. ill. , plates ;
_c32 cm.
650 _aArchaeology
_zancient Egypt
651 0 _aEgypt
_xantiquities
942 _2ddc
_cBK
999 _c60811
_d60811